<?xml version="1.0" encoding="UTF-8"?>
<record
    xmlns:xsi="http://www.w3.org/2001/XMLSchema-instance"
    xsi:schemaLocation="http://www.loc.gov/MARC21/slim http://www.loc.gov/standards/marcxml/schema/MARC21slim.xsd"
    xmlns="http://www.loc.gov/MARC21/slim">

  <leader>02184nam a2200301 a 4500</leader>
  <controlfield tag="003">DO-SdBNP</controlfield>
  <controlfield tag="005">20250806125120.0</controlfield>
  <controlfield tag="008">150714s2011   mx ab         000 0 spa d</controlfield>
  <datafield tag="020" ind1=" " ind2=" ">
    <subfield code="a">9789945074291</subfield>
  </datafield>
  <datafield tag="040" ind1=" " ind2=" ">
    <subfield code="a">DO-SdBNP</subfield>
    <subfield code="b">spa</subfield>
    <subfield code="c">BPMSU </subfield>
  </datafield>
  <datafield tag="082" ind1=" " ind2=" ">
    <subfield code="a">305.5633</subfield>
    <subfield code="b">S194g 2011</subfield>
    <subfield code="2">22</subfield>
  </datafield>
  <datafield tag="100" ind1="1" ind2=" ">
    <subfield code="a">San Miguel, Pedro L.</subfield>
  </datafield>
  <datafield tag="245" ind1="1" ind2="3">
    <subfield code="a">La guerra silenciosa :</subfield>
    <subfield code="b">las luchas sociales en la rural&#xED;a dominicana /</subfield>
    <subfield code="c">Pedro L. San Miguel.</subfield>
  </datafield>
  <datafield tag="260" ind1=" " ind2=" ">
    <subfield code="a">Santo Domingo : </subfield>
    <subfield code="b">Archivo General de la Naci&#xF3;n,</subfield>
    <subfield code="c">2011</subfield>
  </datafield>
  <datafield tag="300" ind1=" " ind2=" ">
    <subfield code="a">307 p. ;</subfield>
    <subfield code="c">23 cm.</subfield>
  </datafield>
  <datafield tag="490" ind1="0" ind2=" ">
    <subfield code="a">Archivo General de la Naci&#xF3;n,</subfield>
    <subfield code="v">135</subfield>
  </datafield>
  <datafield tag="500" ind1=" " ind2=" ">
    <subfield code="a">Incluye referencias bibliogr&#xE1;ficas y notas al pie de las p&#xE1;ginas.</subfield>
  </datafield>
  <datafield tag="500" ind1=" " ind2=" ">
    <subfield code="a">Incluye &#xED;ndice</subfield>
  </datafield>
  <datafield tag="504" ind1=" " ind2=" ">
    <subfield code="a">Bibliograf&#xED;a : p. 265-289</subfield>
  </datafield>
  <datafield tag="505" ind1="0" ind2=" ">
    <subfield code="a">Introduci&#xF3;n : Para narrar la historia de la "clase inc&#xF3;moda" --</subfield>
    <subfield code="t">&#xBF;Una historia sin campesinos? --</subfield>
    <subfield code="t">Sobre el "otro interno" --</subfield>
    <subfield code="t">Un campesinado levantisco --</subfield>
    <subfield code="t">Caudillos y campesinos --</subfield>
    <subfield code="t">Una "clase inc&#xF3;moda" --</subfield>
    <subfield code="t">Historias de gringos, caudillos y guerrillas --</subfield>
    <subfield code="t">Milenarismo y utop&#xED;a campesina --</subfield>
    <subfield code="t">La memoria de la ira : la guerra gavillera --</subfield>
    <subfield code="t">La domesticaci&#xF3;n de la "bestia calibanesca" --</subfield>
    <subfield code="t">La ofensiva del mercado --</subfield>
    <subfield code="t">La ofensiva estatal --</subfield>
    <subfield code="t">Sobre esa larga tiran&#xED;a que se menciona en el proemio --</subfield>
    <subfield code="t">Un poder que castiga y que hace milagros --</subfield>
    <subfield code="t">Un poder que castiga y que hace milagros --</subfield>
    <subfield code="t">Dictadura y luchas informales --</subfield>
    <subfield code="t">Cr&#xF3;nica de una "reforma agraria al rev&#xE9;s" --</subfield>
    <subfield code="t">Reforma a "cuentagotas" --</subfield>
    <subfield code="t">La "reforma agraria al rev&#xE9;s" --</subfield>
    <subfield code="t">Cr&#xF3;nica de unas leyes anunciadas --</subfield>
    <subfield code="t">La primavera del descontento --</subfield>
    <subfield code="t">Los campesinos y el "gran dise&#xF1;o" --</subfield>
    <subfield code="t">Esta es una lucha larga" --</subfield>
    <subfield code="t">El derecho a la subsistencia" --</subfield>
    <subfield code="t">Cabildos abiertos" rurales --</subfield>
    <subfield code="t">No queremos m&#xE1;s cuentos" --</subfield>
    <subfield code="t">&#xBF;Reforma la reforma? --</subfield>
    <subfield code="t">Campesinos y procesos pol&#xED;ticos o la paradoja de la democracia dominicana --</subfield>
  </datafield>
  <datafield tag="590" ind1=" " ind2=" ">
    <subfield code="6">Inventariado, 2022/VM</subfield>
  </datafield>
  <datafield tag="650" ind1=" " ind2="4">
    <subfield code="a">Movimientos sociales </subfield>
    <subfield code="z">Rep&#xFA;blica Dominicana</subfield>
  </datafield>
  <datafield tag="650" ind1=" " ind2="4">
    <subfield code="a">Movimientos campesinos</subfield>
    <subfield code="z">Rep&#xFA;blica Dominicana </subfield>
    <subfield code="y">Siglo XIX</subfield>
  </datafield>
  <datafield tag="650" ind1=" " ind2="4">
    <subfield code="a">Pol&#xED;tica agraria</subfield>
    <subfield code="z">Rep&#xFA;blica Dominicana</subfield>
    <subfield code="x">Historia </subfield>
  </datafield>
  <datafield tag="710" ind1="2" ind2=" ">
    <subfield code="a">Archivo General de la Naci&#xF3;n (Rep&#xFA;blica Dominicana)</subfield>
  </datafield>
  <datafield tag="910" ind1=" " ind2=" ">
    <subfield code="a">VMateo V. </subfield>
  </datafield>
  <datafield tag="942" ind1=" " ind2=" ">
    <subfield code="2">ddc</subfield>
    <subfield code="c">BK</subfield>
  </datafield>
  <datafield tag="952" ind1=" " ind2=" ">
    <subfield code="0">0</subfield>
    <subfield code="1">0</subfield>
    <subfield code="2">ddc</subfield>
    <subfield code="4">0</subfield>
    <subfield code="7">0</subfield>
    <subfield code="8">CD</subfield>
    <subfield code="a">BPMET</subfield>
    <subfield code="b">BPMET</subfield>
    <subfield code="d">2022-01-19</subfield>
    <subfield code="e">Fundac&#xF3;n Juan Bosch </subfield>
    <subfield code="o">BPMSU CD 305.5633 S194g 2011</subfield>
    <subfield code="p">BPMSU22010043</subfield>
    <subfield code="r">2022-01-19</subfield>
    <subfield code="w">2022-01-19</subfield>
    <subfield code="y">BK</subfield>
  </datafield>
  <datafield tag="952" ind1=" " ind2=" ">
    <subfield code="0">0</subfield>
    <subfield code="1">0</subfield>
    <subfield code="2">ddc</subfield>
    <subfield code="4">0</subfield>
    <subfield code="7">0</subfield>
    <subfield code="8">CD</subfield>
    <subfield code="a">BPMET</subfield>
    <subfield code="b">BPMET</subfield>
    <subfield code="d">2022-01-19</subfield>
    <subfield code="e">Fundaci&#xF3;n Juan Bosch </subfield>
    <subfield code="l">0</subfield>
    <subfield code="o">BPMSU CD 305.5633 S194g 2011</subfield>
    <subfield code="p">BPMSU25080009</subfield>
    <subfield code="r">2025-08-06</subfield>
    <subfield code="t">e.2</subfield>
    <subfield code="w">2022-01-19</subfield>
    <subfield code="y">BK</subfield>
  </datafield>
  <datafield tag="999" ind1=" " ind2=" ">
    <subfield code="c">13960</subfield>
    <subfield code="d">13960</subfield>
  </datafield>
</record>
